| 000 | 00819nam a2200241 a 4500 | ||
|---|---|---|---|
| 001 | 56418 | ||
| 003 | BD-RjUL | ||
| 005 | 20211209080407.0 | ||
| 008 | 161129s1966 bg ||||| |||| 00| 0 ben d | ||
| 020 | _c: TK 4.00 | ||
| 035 | _a(BD-RjUL) 56542 | ||
| 040 |
_aBD-RjUL _bben _cBD-RjUL |
||
| 041 | _aben | ||
| 082 |
_223 _a891.443 _bBAB 1966 |
||
| 100 |
_aবড়ুয়া, অনিল _9167337 |
||
| 245 | 1 | 0 |
_aবিষণ্ন সৈকতে / _cঅনিল বড়ুয়া |
| 250 | _a১ম সং . | ||
| 260 |
_aঢাকা : _bবন্ধু প্রকাশনী, _c১৯৬৬ [১৩৭৩] |
||
| 300 |
_a১৮৮ সেমি . _c২১ সেমি . |
||
| 650 |
_aবাংলা উপন্যাস _9167817 |
||
| 650 |
_aBengali Fictions _9167818 |
||
| 942 |
_2ddc _cBK |
||
| 999 |
_c56418 _d56418 |
||